Groups of Things - Minecraft - Statistics

General Stats
  • This quiz has been taken 108 times
    39 since last reset
  • The average score is 32 of 63
Answer Stats
Hint Answer % Correct
Ores Diamond
97%
Ores Gold
97%
Ores Iron
94%
Wood Types Oak
89%
Ores Coal
83%
Ores Emerald
83%
Wood Types Birch
81%
Ores Copper
81%
Wood Types Acacia
78%
Wood Types Dark Oak
78%
Wood Types Spruce
78%
Pieces of Armor Boots
75%
Pieces of Armor Chestplate
75%
Pieces of Armor Helmet
75%
Ores Lapis Lazuli
75%
Pieces of Armor Leggings
75%
Tameable Mobs Wolf
75%
Tameable Mobs Cat
72%
Ores Redstone
69%
Types of Zombie mobs Zombie
69%
Tameable Mobs Horse
67%
Tameable Mobs Donkey
64%
Wood Types Jungle
64%
Ores Nether Quartz
64%
Wood Types Cherry
58%
Types of Skeleton mobs Skeleton
58%
Ores Ancient Debris
56%
Tameable Mobs Mule
56%
Tameable Mobs Parrot
56%
Types of Zombie mobs Zombified Piglin
53%
Wood Types Crimson
50%
Wood Types Warped
47%
Types of Zombie mobs Drowned
44%
Types of Zombie mobs Husk
44%
Wood Types Mangrove
44%
Tameable Mobs Llama
42%
Wood Types Pale Oak
42%
Types of Skeleton mobs Skeleton Horse
42%
Tameable Mobs Skeleton Horse
42%
Types of Skeleton mobs Wither
42%
Types of Zombie mobs Zombie Villager
42%
Ores Nether Gold
39%
Nether Biomes Soul Sand Valley
36%
Types of Skeleton mobs Stray
36%
Nether Biomes Basalt Deltas
33%
Nether Biomes Crimson Forest
33%
Nether Biomes Nether Wastes
33%
Ocean Biomes Warm Ocean
33%
Nether Biomes Warped Forest
33%
Types of Skeleton mobs Wither Skeleton
33%
Types of Zombie mobs Zoglin
33%
Tameable Mobs Camel
31%
Ocean Biomes Ocean
28%
Types of Skeleton mobs Bogged
25%
Ocean Biomes Deep Ocean
25%
Ocean Biomes Frozen Ocean
19%
Ocean Biomes Lukewarm Ocean
19%
Ocean Biomes Cold Ocean
17%
Ocean Biomes Deep Frozen Ocean
17%
Ocean Biomes Deep Cold Ocean
14%
Ocean Biomes Deep Lukewarm Ocean
14%
Tameable Mobs Trader Llama
8%
Types of Skeleton mobs Skeleton Horseman
6%
No matching quizzes found
Score Distribution
Percent of People with Each Score
Percentile by Number Answered
Your Score History
You have not taken this quiz since the last reset